Основи комунікативної лінгвістики (Запис № 353689)

МАРК-запис
000 -Лідер
fixed length control field 01577nam a22002657a 4500
001 - Контрольний номер
control field 67501
003 - Ідентифікатор контрольного номера
control field UA-OsUOA
005 - Дата та час останнього входження (трансакції)
control field 20230504161306.0
007 - Фіксоване поле фізичного опису
fixed length control field ta
008 - Елементи даних фіксованої довжини – загальна інформація
fixed length control field 20100225b un ||||| |||| 00| 0 ukr d
020 ## - Міжнародний стандартний книжковий номер (ISBN)
Міжнародний стандартний книжковий номер (ISBN) (НП) 978-966-580-302-7
040 ## - Джерело каталогізації
Агенція оригінальної каталогізації UA-OsUOA
Мова каталогізації ukr
Агенція, яка здійснювала перезапис UA-OsUOA
Агенція, яка здійснювала модифікацію UA-OsUOA
041 ## - Код мови
Код мови тексту/ звукової доріжки чи окремого заголовка (П) ukr
080 ## - Індекс Універсальної десяткової класифікації
Індекс Універсальної десяткової класифікації (УДК) (НП) 81"33(075.8)
090 ## - Локальний шифр розміщення
Класифікаційний індекс УДК 81"33(075.8)
Авторський знак (НП) Б31
100 ## - Основне введення – ім’я особи
Ім’я особи (НП) Бацевич Ф. С.
245 ## - Відомості про назву
Назва (НП) Основи комунікативної лінгвістики
Решта назви (НП) підручник
260 ## - Публікація, розповсюдження і т.п. (Вихідні дані)
Місце публікації, розповсюдження і т.п. (П) К.
Ім’я/ наймення видавництва, розповсюджувача і т.п. (П) Академія
Дата публікації, розповсюдження і т.п. (П) 2009
300 ## - Фізичний опис
Обсяг 376 с.
520 ## - Резюме і т.п.
Резюме, реферат, анотація, тощо (НП) Уміння спілкуватися є свідченням інтелектуального рівня, культури особистості, відкриває їй доступ до нових можливостей у самореалізації. На формування його спрямований цей підруч­ник, у якому систематизовано актуальні проблеми комунікатив­ної лінгвістики, розкрито закони спілкування за допомогою мо­ви, організацію засобів мовного коду, вплив на мову психічних, соціальних, культурних чинників тощо.
650 #7 - Додаткове предметне введення – тематичний термін
Тематичний термін чи географічна назва, як елемент введення (НП) 8 Мовознавство. Художня література. Літературознавство
Джерело заголовка чи терміна UDC
942 ## - Додаткові елементи входу (Коха)
Тип елемента Koha Книги
Source of classification or shelving scheme Universal Decimal Classification
955 ## - Код типу видання за змістом
Код типу видання за змістом (НП) Навчальні видання
Фонди
Стан вилучень Стан втрат Джерело класифікації або схеми стелажів Стан уражень Не для кредиту Постійне місце розташування Поточне розміщення Дата придбання Джерело придбання Вартість, звичайна ціна покупки Інвентарний номер Усього замовленно Штрих-код Дата останнього перегляду Ціна ефективна від Тип елемента Koha Дата останньої перевірки Повний номер виклику
    Universal Decimal Classification     АБ - Абонемент НБ АБ - Абонемент НБ 15/04/2010 33/2010 42.00 127278   127278 14/01/2022 15/04/2010 Книги   81'33(075.8) Б31
    Universal Decimal Classification     АБ - Абонемент НБ АБ - Абонемент НБ 15/04/2010 33/2010 42.00 127279   127279 14/01/2022 15/04/2010 Книги   81'33(075.8) Б31
    Universal Decimal Classification     АБ - Абонемент НБ АБ - Абонемент НБ 15/04/2010 33/2010 42.00 127280   127280 14/01/2022 15/04/2010 Книги   81'33(075.8) Б31
    Universal Decimal Classification     АБ - Абонемент НБ АБ - Абонемент НБ 15/04/2010 33/2010 42.00 127281 1 127281 12/12/2023 15/04/2010 Книги 12/09/2023 81'33(075.8) Б31
    Universal Decimal Classification     АБ - Абонемент НБ АБ - Абонемент НБ 15/04/2010 33/2010 42.00 127282   127282 14/01/2022 15/04/2010 Книги   81'33(075.8) Б31
    Universal Decimal Classification     ЧЗ - Читальна зала ЧЗ - Читальна зала 25/02/2010 16/2010 42.00 126723   126723 14/01/2022 25/02/2010 Книги    
    Universal Decimal Classification     ЧЗ - Читальна зала ЧЗ - Читальна зала 25/02/2010 16/2010 42.00 126724 2 126724 18/10/2024 25/02/2010 Книги 02/10/2024  
    Universal Decimal Classification     ЧЗ - Читальна зала ЧЗ - Читальна зала 15/04/2010 33/2010 42.00 127273 2 127273 15/11/2021 15/04/2010 Книги 08/09/2021 81'33(075.8) Б31
    Universal Decimal Classification     ЧЗ - Читальна зала ЧЗ - Читальна зала 15/04/2010 33/2010 42.00 127274 1 127274 15/11/2021 15/04/2010 Книги 11/09/2019 81'33(075.8) Б31
    Universal Decimal Classification     ЧЗ - Читальна зала ЧЗ - Читальна зала 15/04/2010 33/2010 42.00 127275   127275 14/01/2022 15/04/2010 Книги   81'33(075.8) Б31
    Universal Decimal Classification     ЧЗ - Читальна зала ЧЗ - Читальна зала 15/04/2010 33/2010 42.00 127276 1 127276 15/11/2021 15/04/2010 Книги 12/09/2019 81'33(075.8) Б31
    Universal Decimal Classification     ЧЗ - Читальна зала ЧЗ - Читальна зала 15/04/2010 33/2010 42.00 127277   127277 14/01/2022 15/04/2010 Книги   81'33(075.8) Б31